000 00465nmm a2200157Ia 4500
008 251105s9999||||xx |||||||||||||||||und||
041 _aspa
100 _aWassmo, Herbjørg
245 0 _aEl cielo desnudo
264 _a[Madrid, España] :
_bNordica Libros,
_c[Fecha de publicación no identificada]
300 _a0 páginas
490 _aLetras Nórdicas
650 _aOther narratives
856 _uhttps://public.digitaliapublishing.com/a/88424
942 _cCF
999 _c99816
_d99816